| 000 | 01247nam a2200193 4500 | ||
|---|---|---|---|
| 003 | NUST | ||
| 005 | 20220316184949.0 | ||
| 008 | 220316b ||||| |||| 00| 0 eng d | ||
| 020 | _a978-0367027971 | ||
| 022 | _2978-0367027971 | ||
| 038 | _aSAIF | ||
| 082 |
_2625.1 _a23 _bPYR |
||
| 245 |
_aRailway Transportation Systems: Design, Construction and Operation _cChristos N. Pyrgidis |
||
| 250 | _a1st Edition | ||
| 260 |
_aCRC Press _c2016 |
||
| 500 | _aRailway Transportation Systems: Design, Construction and Operation presents a comprehensive overview of railway passenger and freight transport systems, from design through to construction and operation. It covers the range of railway passenger systems, from conventional and high speed inter-urban systems through to suburban, regional and urban ones. Moreover, it thoroughly covers freight railway systems transporting conventional loads, heavy loads and dangerous goods. For each system it provides a definition, a brief overview of its evolution and examples of good practice, the main design, construction and operational characteristics, the preconditions for its selection, and the steps required to check the feasibility of its implementation. | ||
| 563 | _aH.B | ||
| 942 |
_2ddc _cBK |
||
| 999 |
_c588817 _d588817 |
||